[Event "AUT-chT (Women) 2122"]
[Site "Austria"]
[Date "2022.03.27"]
[Round "7.4"]
[White "Krassnitzer, Maria"]
[Black "Anker, Christin"]
[Result "0-1"]
[WhiteElo "1654"]
[BlackElo "1843"]
[PlyCount "66"]
[EventDate "2021.11.06"]
[EventType "team-tourn"]
[EventRounds "9"]
[EventCountry "AUT"]
[SourceTitle "EXT 2023"]
[Source "ChessBase"]
[SourceDate "2022.10.05"]
[SourceVersion "1"]
[SourceVersionDate "2022.10.05"]
[SourceQuality "1"]
[WhiteTeam "St Veit/Glan (W)"]
[BlackTeam "Schach ohne Grenzen (W)"]
[WhiteTeamCountry "AUT"]
[BlackTeamCountry "AUT"]

1. e4 e5 2. Nf3 Nc6 3. c3 d5 4. d3 Nf6 5. exd5 Qxd5 6. Be2 Bf5 7. d4 exd4 8. Nxd4 Nxd4 9. Qxd4 Qxg2 10. Qe5+ Be6 11. Rf1 0-0-0 12. Be3 Bd6 13. Qa5 a6 14. Nd2 Qxh2 15. 0-0-0 Qe5 16. Qa4 Bd5 17. Nc4 Qe8 18. Nxd6+ Rxd6 19. Qa5 Qc6 20. Rg1 g6 21. Bd4 Re8 22. Rge1 Ne4 23. Qb4 f5 24. f4 Bg8 25. a3 Rdd8 26. Qa5 Rd5 27. Qb4 a5 28. Qc4 Qxc4 29. Bxc4 Rdd8 30. Bxg8 Rxg8 31. Rh1 c5 32. Be5 Rxd1+ 33. Rxd1 Rd8 0-1

[Event "St Veit op-B 38th"]
[Site "St Veit"]
[Date "2019.07.07"]
[Round "2"]
[White "Krassnitzer, Maria"]
[Black "Englisch, Dieter"]
[Result "0-1"]
[WhiteElo "1638"]
[BlackElo "1950"]
[PlyCount "48"]
[EventDate "2019.07.06"]
[EventType "swiss"]
[EventRounds "9"]
[EventCountry "AUT"]
[SourceTitle "EXT 2021"]
[Source "ChessBase"]
[SourceDate "2020.10.23"]
[SourceVersion "1"]
[SourceVersionDate "2020.10.23"]
[SourceQuality "1"]

1. d4 Nf6 2. Nf3 g6 3. Bf4 Bg7 4. e3 0-0 5. Be2 d5 6. 0-0 c5 7. c3 Nc6 8. Nbd2 cxd4 9. exd4 Nh5 10. Bg3 Bg4 11. Ne5 Nxg3 12. Nxc6 Nxe2+ 13. Kh1 bxc6 14. f3 Nxc3 15. bxc3 Bf5 16. g4 Bd3 17. Rf2 e5 18. Nb3 Bc4 19. Qd2 f5 20. Nc5 Qd6 21. Re1 Rfe8 22. g5 exd4 23. Rxe8+ Rxe8 24. cxd4 Qe7 0-1

[Event "AUT-chT (Women) 1819"]
[Site "Austria"]
[Date "2019.01.19"]
[Round "4.2"]
[White "Kimpel, Janine"]
[Black "Krassnitzer, Maria"]
[Result "1-0"]
[WhiteElo "1855"]
[BlackElo "1618"]
[PlyCount "39"]
[EventDate "2018.11.17"]
[EventType "team-swiss"]
[EventRounds "7"]
[EventCountry "AUT"]
[SourceTitle "CBM 189 Extra"]
[Source "ChessBase"]
[SourceDate "2019.06.03"]
[SourceVersion "1"]
[SourceVersionDate "2019.06.03"]
[SourceQuality "1"]
[WhiteTeam "Schach ohne Grenzen (W)"]
[BlackTeam "St Veit/Glan (W)"]
[WhiteTeamCountry "AUT"]
[BlackTeamCountry "AUT"]

1. e4 d5 2. exd5 Qxd5 3. Nc3 Qa5 4. d4 Nf6 5. Bc4 Bf5 6. Bd2 c6 7. Nge2 e6 8. Ng3 Bg6 9. h4 h6 10. h5 Bh7 11. Qe2 Nbd7 12. d5 Qc7 13. dxe6 0-0-0 14. exd7+ Qxd7 15. 0-0-0 Qc7 16. Qf3 Bd6 17. Nce4 Be5 18. Nxf6 Bxf6 19. Bf4 Qb6 20. Qg4+ 1-0

[Event "AUT-chT (Women) 1819"]
[Site "Austria"]
[Date "2018.11.17"]
[Round "1.1"]
[White "Kosc, Renata"]
[Black "Krassnitzer, Maria"]
[Result "1-0"]
[WhiteElo "1986"]
[BlackElo "1618"]
[PlyCount "37"]
[EventDate "2018.11.17"]
[EventType "team-swiss"]
[EventRounds "7"]
[EventCountry "AUT"]
[SourceTitle "CBM 187 Extra"]
[Source "ChessBase"]
[SourceDate "2018.11.04"]
[SourceVersion "1"]
[SourceVersionDate "2018.11.04"]
[SourceQuality "1"]
[WhiteTeam "Pamhagen (W)"]
[BlackTeam "St Veit/Glan (W)"]
[WhiteTeamCountry "AUT"]
[BlackTeamCountry "AUT"]

1. e4 d5 2. exd5 Qxd5 3. Nc3 Qa5 4. d4 c6 5. Nf3 Bg4 6. h3 Bh5 7. Bc4 e6 8. g4 Bg6 9. Ne5 Bd6 10. Qe2 Bxe5 11. dxe5 Nd7 12. f4 0-0-0 13. Bd2 Qc7 14. 0-0-0 Ne7 15. Qf2 Nb6 16. Bb3 Ned5 17. Nxd5 Nxd5 18. Qxa7 Nb6 19. Ba5 1-0

[Event "AUT-chT (Women) 1718"]
[Site "Austria"]
[Date "2018.01.21"]
[Round "6.3"]
[White "Kimpel, Janine"]
[Black "Krassnitzer, Maria"]
[Result "1-0"]
[WhiteElo "1911"]
[BlackElo "1618"]
[PlyCount "47"]
[EventDate "2017.11.24"]
[EventType "team-tourn"]
[EventRounds "9"]
[EventCountry "AUT"]
[SourceTitle "EXT 2019"]
[Source "ChessBase"]
[SourceDate "2018.10.10"]
[SourceVersion "1"]
[SourceVersionDate "2018.10.10"]
[SourceQuality "1"]
[WhiteTeam "Schach ohne Grenzen (W)"]
[BlackTeam "St Veit/Glan (W)"]
[WhiteTeamCountry "AUT"]
[BlackTeamCountry "AUT"]

1. e4 d5 2. exd5 Qxd5 3. Nc3 Qa5 4. d4 Nf6 5. Bc4 Bf5 6. Nge2 e6 7. Bd2 c6 8. Ng3 Bg6 9. h4 h6 10. h5 Bh7 11. Qe2 Nbd7 12. d5 cxd5 13. Nxd5 Qd8 14. 0-0 Bd6 15. Bc3 0-0 16. Nxf6+ Nxf6 17. Rad1 Qb6 18. Bd4 Qc7 19. Bxf6 Bxg3 20. Qg4 Bh2+ 21. Kh1 g6 22. g3 Bxg3 23. fxg3 Qc5 24. Bd3 1-0

[Event "AUT-chT (Women) 1718"]
[Site "Austria"]
[Date "2017.11.24"]
[Round "1.1"]
[White "Krassnitzer, Maria"]
[Black "Mayrhuber, Nikola"]
[Result "0-1"]
[WhiteElo "1618"]
[BlackElo "2069"]
[PlyCount "70"]
[EventDate "2017.11.24"]
[EventType "team-tourn"]
[EventRounds "9"]
[EventCountry "AUT"]
[SourceTitle "CBM 181 Extra"]
[Source "ChessBase"]
[SourceDate "2017.12.12"]
[SourceVersion "1"]
[SourceVersionDate "2017.12.12"]
[SourceQuality "1"]
[WhiteTeam "St Veit/Glan (W)"]
[BlackTeam "Mayrhofen/Zillertal (W)"]
[WhiteTeamCountry "AUT"]
[BlackTeamCountry "AUT"]

1. d4 d5 2. Nf3 Nf6 3. Bf4 c5 4. e3 Nc6 5. c3 Qb6 6. b3 Bf5 7. Bd3 Ne4 8. 0-0 e6 9. Nh4 Bg6 10. Nxg6 hxg6 11. Bxe4 dxe4 12. Nd2 f5 13. Nc4 Qd8 14. dxc5 Bxc5 15. Qe2 Qf6 16. Bg3 g5 17. h3 0-0-0 18. b4 Bb6 19. b5 Na5 20. Nxa5 Bxa5 21. Qc4+ Kd7 22. Rfd1+ Ke7 23. Qc5+ Kf7 24. Be5 Bb6 25. Bxf6 Rxd1+ 26. Rxd1 Bxc5 27. Bxg5 Kg6 28. Bf4 Kf6 29. Rd7 Rc8 30. Rxb7 Bb6 31. a4 e5 32. Bg3 Rxc3 33. a5 Bc5 34. Rc7 f4 35. exf4 Bxf2+ 0-1

[Event "AUT-chT (Women) 1516"]
[Site "Austria"]
[Date "2016.04.17"]
[Round "7.4"]
[White "Krassnitzer, Maria"]
[Black "Kimpel, Janine"]
[Result "1/2-1/2"]
[WhiteElo "1605"]
[BlackElo "1906"]
[PlyCount "63"]
[EventDate "2015.11.06"]
[EventType "team-swiss"]
[EventRounds "7"]
[EventCountry "AUT"]
[SourceTitle "EXT 2017"]
[Source "ChessBase"]
[SourceDate "2016.10.25"]
[SourceVersion "1"]
[SourceVersionDate "2016.10.25"]
[SourceQuality "1"]
[WhiteTeam "St Veit/Glan (W)"]
[BlackTeam "Schach ohne Grenzen (W)"]
[WhiteTeamCountry "AUT"]
[BlackTeamCountry "AUT"]

1. d4 d5 2. Nf3 Nf6 3. Bf4 e6 4. h3 b6 5. e3 Be7 6. Be2 Bb7 7. 0-0 0-0 8. Nbd2 Nbd7 9. c3 Ne8 10. Bh2 Bd6 11. a3 Bxh2+ 12. Nxh2 Nd6 13. f4 Nf5 14. Rf3 Nf6 15. Qe1 Ne4 16. Bd3 c5 17. Ng4 f6 18. Bc2 Re8 19. Nxe4 dxe4 20. Rf1 h5 21. Nh2 Qe7 22. g4 hxg4 23. hxg4 Nd6 24. Qh4 Qf7 25. dxc5 bxc5 26. b3 Kf8 27. c4 Ke7 28. Rad1 Rh8 29. Qg3 f5 30. Rd2 Rad8 31. Rfd1 Bc6 32. Kg2 1/2-1/2

[Event "AUT-chT (Women) 1415"]
[Site "Austria"]
[Date "2014.10.03"]
[Round "1.2"]
[White "Schmidbauer, Andrea"]
[Black "Krassnitzer, Maria"]
[Result "1-0"]
[WhiteElo "1886"]
[BlackElo "1560"]
[PlyCount "77"]
[EventDate "2014.10.03"]
[EventType "team-swiss"]
[EventRounds "9"]
[EventCountry "AUT"]
[SourceTitle "EXT 2016"]
[Source "ChessBase"]
[SourceDate "2015.10.08"]
[SourceVersion "1"]
[SourceVersionDate "2015.10.08"]
[SourceQuality "1"]
[WhiteTeam "Schachamazonen (W)"]
[BlackTeam "St Veit/Glan (W)"]
[WhiteTeamCountry "AUT"]
[BlackTeamCountry "AUT"]

1. g3 e5 2. Bg2 Nf6 3. d3 Bc5 4. Nf3 d6 5. 0-0 0-0 6. Nbd2 Nc6 7. c3 d5 8. e4 Be6 9. b4 Bb6 10. b5 dxe4 11. dxe4 Na5 12. Nxe5 Re8 13. Bb2 Bg4 14. Nxg4 Nxg4 15. Qe2 Qg5 16. Nf3 Qe7 17. Nh4 Nf6 18. Nf5 Qc5 19. Nd4 Nc4 20. a4 Nxb2 21. Qxb2 Ba5 22. Nb3 Qxc3 23. Qxc3 Bxc3 24. Rac1 Be5 25. f4 Bb2 26. Rc2 Ba3 27. e5 Ng4 28. Rxc7 Ne3 29. Rf3 Nxg2 30. Kxg2 Re7 31. Rfc3 f6 32. exf6 gxf6 33. Rxe7 Bxe7 34. Rc7 Kf8 35. Rxb7 a6 36. b6 h5 37. Nd4 Rc8 38. Rc7 Rb8 39. Rxe7 1-0

[Event "AUT-chT (Women) 1314"]
[Site "Austria"]
[Date "2014.04.06"]
[Round "9"]
[White "Krassnitzer, Maria"]
[Black "Horvath, Maria"]
[Result "1-0"]
[WhiteElo "1592"]
[BlackElo "2007"]
[PlyCount "73"]
[EventDate "2013.12.06"]
[EventType "team-tourn"]
[EventRounds "9"]
[EventCountry "AUT"]
[SourceTitle "EXT 2015"]
[Source "ChessBase"]
[SourceDate "2014.11.20"]
[SourceVersion "1"]
[SourceVersionDate "2014.11.20"]
[SourceQuality "1"]
[WhiteTeam "St Veit/Glan (W)"]
[BlackTeam "Pamhagen (W)"]
[WhiteTeamCountry "AUT"]
[BlackTeamCountry "AUT"]

1. d4 g6 2. Bf4 Bg7 3. e3 d6 4. Nf3 Nd7 5. Nbd2 e5 6. dxe5 dxe5 7. Bg3 Qe7 8. e4 Ngf6 9. Bc4 Nh5 10. Qe2 Nxg3 11. hxg3 a6 12. 0-0-0 b5 13. Bd5 Rb8 14. Nb3 Rb6 15. Na5 Qf6 16. Qe3 h5 17. Qc3 c5 18. Nh4 0-0 19. f3 Qg5+ 20. Kb1 c4 21. Qe1 Nf6 22. f4 exf4 23. gxf4 Qg4 24. Qf2 Nxd5 25. exd5 Rd6 26. Nc6 Bf6 27. g3 Bb7 28. Ne5 Bxe5 29. fxe5 Rxd5 30. Rxd5 Bxd5 31. Re1 Be6 32. Ng2 Rd8 33. Ne3 Qg5 34. Qf4 Qe7 35. g4 hxg4 36. Rh1 g5 37. Qh2 1-0

[Event "AUT-chT (Women) 1314"]
[Site "Austria"]
[Date "2013.12.08"]
[Round "3"]
[White "Rampler, Evelyn"]
[Black "Krassnitzer, Maria"]
[Result "1/2-1/2"]
[WhiteElo "1877"]
[BlackElo "1592"]
[PlyCount "138"]
[EventDate "2013.12.06"]
[EventType "team-tourn"]
[EventRounds "9"]
[EventCountry "AUT"]
[SourceTitle "EXT 2015"]
[Source "ChessBase"]
[SourceDate "2014.11.20"]
[SourceVersion "1"]
[SourceVersionDate "2014.11.20"]
[SourceQuality "1"]
[WhiteTeam "Wulkaprodersdorf (W)"]
[BlackTeam "St Veit/Glan (W)"]
[WhiteTeamCountry "AUT"]
[BlackTeamCountry "AUT"]

1. e4 e5 2. Bc4 Nc6 3. Nc3 Bc5 4. Qh5 Qe7 5. Nd5 Qd6 6. Nf3 Nf6 7. Qf5 Nxd5 8. Bxd5 0-0 9. Ng5 Qg6 10. Qxg6 hxg6 11. c3 Be7 12. d3 d6 13. Be3 Bxg5 14. Bxg5 Re8 15. 0-0-0 Be6 16. Bxe6 Rxe6 17. h4 f6 18. Be3 f5 19. Bg5 Rf8 20. f3 b5 21. h5 b4 22. h6 Rf7 23. hxg7 Rxg7 24. Rh6 fxe4 25. dxe4 bxc3 26. bxc3 Rh7 27. Rxh7 Kxh7 28. Rd5 Re8 29. Rb5 Rb8 30. a4 Rb6 31. Be3 Rb8 32. Rxb8 Nxb8 33. Bxa7 Na6 34. Be3 Kg7 35. Kc2 Kf7 36. Kb3 Ke6 37. Kc4 c6 38. g3 Kf6 39. Bb6 Ke6 40. Be3 Kf6 41. Bc1 Ke7 42. Ba3 Ke6 43. f4 exf4 44. gxf4 Kd7 45. Kd4 c5+ 46. Kc4 Kc6 47. Bc1 Nc7 48. f5 gxf5 49. exf5 d5+ 50. Kd3 Ne8 51. Be3 Nd6 52. f6 Nf7 53. Ke2 Kb6 54. Kf3 d4 55. cxd4 cxd4 56. Bxd4+ Ka5 57. Ke4 Kxa4 58. Kf5 Kb5 59. Ke6 Ng5+ 60. Ke7 Kc4 61. Be3 Nh7 62. f7 Kd5 63. Bg5 Ke5 64. Bf6+ Kf5 65. Bh4 Kg6 66. Ke6 Nf8+ 67. Ke7 Nh7 68. Bf2 Kf5 69. Bc5 Kg6 1/2-1/2

[Event "AUT-chT (Women) 1314"]
[Site "Austria"]
[Date "2013.12.06"]
[Round "1"]
[White "Schmidbauer, Andrea"]
[Black "Krassnitzer, Maria"]
[Result "1-0"]
[WhiteElo "1887"]
[BlackElo "1592"]
[PlyCount "85"]
[EventDate "2013.12.06"]
[EventType "team-tourn"]
[EventRounds "9"]
[EventCountry "AUT"]
[SourceTitle "EXT 2015"]
[Source "ChessBase"]
[SourceDate "2014.11.20"]
[SourceVersion "1"]
[SourceVersionDate "2014.11.20"]
[SourceQuality "1"]
[WhiteTeam "Schachamazonen (W)"]
[BlackTeam "St Veit/Glan (W)"]
[WhiteTeamCountry "AUT"]
[BlackTeamCountry "AUT"]

1. g3 Nf6 2. Bg2 g6 3. Nf3 Bg7 4. 0-0 d6 5. d4 0-0 6. c4 Bf5 7. Nc3 Nc6 8. a3 a5 9. Re1 e5 10. d5 Na7 11. e4 Bd7 12. b4 axb4 13. axb4 Bg4 14. Be3 Qb8 15. Qa4 b6 16. Ra3 Bd7 17. Qc2 Nc8 18. Rea1 Rxa3 19. Rxa3 Ne7 20. h3 Nh5 21. c5 bxc5 22. bxc5 Qc8 23. Kh2 f5 24. c6 Be8 25. Qa2 Bf7 26. Bf1 fxe4 27. Ba6 Qd8 28. Bb7 Nxc6 29. Bxc6 exf3 30. Ne4 Bf6 31. Bh6 Ng7 32. Rxf3 Be7 33. Ra3 Qb8 34. Ra7 Bd8 35. Bb7 Kh8 36. Qa6 Bxd5 37. Bxd5 Qb2 38. Bxg7+ Kxg7 39. Rb7 Qd4 40. Qxd6 Rxf2+ 41. Nxf2 Qxf2+ 42. Bg2 Bh4 43. Qxc7+ 1-0

[Event "AUT-ch U18 Girls"]
[Site "Marz"]
[Date "2013.03.26"]
[Round "5"]
[White "Krassnitzer, Maria"]
[Black "Trenkwalder, Verena"]
[Result "1/2-1/2"]
[WhiteElo "1598"]
[BlackElo "1552"]
[PlyCount "70"]
[EventDate "2013.03.24"]
[EventType "swiss"]
[EventRounds "7"]
[EventCountry "AUT"]
[SourceTitle "EXT 2015"]
[Source "ChessBase"]
[SourceDate "2014.11.20"]
[SourceVersion "1"]
[SourceVersionDate "2014.11.20"]
[SourceQuality "1"]

1. e4 c5 2. c3 Nc6 3. Bb5 a6 4. Bxc6 bxc6 5. d4 e6 6. Be3 cxd4 7. cxd4 d5 8. Nc3 h6 9. Nf3 Nf6 10. exd5 cxd5 11. 0-0 Bd6 12. Rc1 0-0 13. Ne5 Bxe5 14. dxe5 Nd7 15. f4 Bb7 16. Na4 Rc8 17. Nc5 Nxc5 18. Rxc5 Rxc5 19. Bxc5 Re8 20. b4 Qd7 21. Qd2 Rc8 22. Rc1 Qa4 23. Qb2 Bc6 24. Qc2 Bb5 25. Qxa4 Bxa4 26. Be3 Rxc1+ 27. Bxc1 Kf8 28. Kf2 Ke7 29. Ke3 Kd7 30. Kd4 Kc6 31. g4 Bd1 32. h3 h5 33. gxh5 Bxh5 34. h4 g6 35. a3 Bd1 1/2-1/2